书目信息 |
| 题名: |
关云长
|
|
| 作者: | 柳江南 , 张隼 著 | |
| 分册: | ||
| 出版信息: | 南京 南京大学出版社 2015 |
|
| 页数: | 483页 | |
| 开本: | 23cm | |
| 丛书名: | ||
| 单 册: | ||
| 中图分类: | K825.2=342 | |
| 科图分类: | ||
| 主题词: | ||
| 电子资源: | ||
| ISBN: | 978-7-305-15886-5 | |
| 000 | 01093nam0 2200241 450 | |
| 001 | 0103696360 | |
| 005 | 20160302160248.0 | |
| 010 | @a978-7-305-15886-5@dCNY58.00 | |
| 100 | @a20151204d2015 em y0chiy0120 ea | |
| 101 | 0 | @achi |
| 102 | @aCN@b320000 | |
| 105 | @ay z 000yd | |
| 106 | @ar | |
| 200 | 1 | @a关云长@9Guan Yun Chang;Zhang @f柳江南,张隼著@b专著 |
| 210 | @a南京@c南京大学出版社@d2015 | |
| 215 | @a483页@d23cm | |
| 330 | @a本书除了对关羽的千里走单骑、温酒斩华雄、单刀赴会等世人皆知的故事进行了重新构思创作之外,还发掘创作了关羽在荆州积极贯彻诸葛亮的联吴抗曹的战略思想与实践,对荆州进行了长达十年的政治社会治理,对建立巩固蜀汉政权取了决定性意义。关羽对手下将士的关爱,以及对老百姓的大义,面对生死威武不屈的英雄气节感人肺腑。从历史唯物史观的角度,找出了关羽身上义、忠的原初动力,重新展示了关羽身上伟大人物与世间普遍民众朴素的真善美的人格力量。 | |
| 600 | 0 | @a关羽@f(160-219)@x人物研究 |
| 690 | @aK825.2=342@v5 | |
| 701 | 0 | @a柳江南@9liu jiang nan@f(1964~)@4著 |
| 701 | 0 | @a张隼@9zhang sun@f(1963~)@4著 |
| 801 | 0 | @aCN@bAZmarc@c20230902 |
| 905 | @aBZT@dK825@e152@f5@sK825/152 | |
| 关云长/柳江南,张隼著.-南京:南京大学出版社,2015 |
| 483页;23cm |
| ISBN 978-7-305-15886-5:CNY58.00 |
| 本书除了对关羽的千里走单骑、温酒斩华雄、单刀赴会等世人皆知的故事进行了重新构思创作之外,还发掘创作了关羽在荆州积极贯彻诸葛亮的联吴抗曹的战略思想与实践,对荆州进行了长达十年的政治社会治理,对建立巩固蜀汉政权取了决定性意义。关羽对手下将士的关爱,以及对老百姓的大义,面对生死威武不屈的英雄气节感人肺腑。从历史唯物史观的角度,找出了关羽身上义、忠的原初动力,重新展示了关羽身上伟大人物与世间普遍民众朴素的真善美的人格力量。 |
| ● |
| 相关链接 |
|
|
|
正题名:关云长
索取号:K825/152
 
预约/预借
| 序号 | 登录号 | 条形码 | 馆藏地/架位号 | 状态 | 备注 |
| 1 | 2000003820 | 2000003820 | 旧书回溯/ [索取号:K825/152] | 在馆 | |
| 2 | 2000003821 | 2000003821 | 旧书回溯/ [索取号:K825/152] | 在馆 | |
| 3 | 2000008287 | 2000008287 | 旧书回溯/ [索取号:K825/152] | 在馆 | |
| 4 | 2000008288 | 2000008288 | 旧书回溯/ [索取号:K825/152] | 在馆 | |
| 5 | 2000008289 | 2000008289 | 旧书回溯/ [索取号:K825/152] | 在馆 |